000 00820nam a2200253Ia 4500
003 OSt
005 20221005082539.0
006 a|||||r|||| 00| 0
007 ta
008 221004b |||||||| |||| 00| 0 eng d
020 _a9789383575565 (hbk)
_cINR 2250.00
024 _a42439
037 _bBBS/110, 07/03/2019, Better Book Service
_cTextual
040 _aCRL
_cCRL
_beng
041 _2eng
_aeng
082 _aSigma:f, Q5
100 _aNayak Jayanta Kumar Au.
_9611968
245 0 _aFundamentals of research methodology
_b problems and prospects
260 _aNew Delhi
_bSSDN Publishers India
_c2017
300 _ax,326p.
_ccm.
650 _aRESEARCH METHODS
942 _hSigma:f, Q5
_cTEXL
_2cc
999 _c989489
_d989489